Kognitívna záťaž

Ľudský mozog je najkomplexnejší orgán v tele. Riadi funkcie životne dôležitých orgánov: srdce, pľúca, koordinuje pohyb rúk a nôh, vytvára spomienky a city. Mozog dokáže spracovať určité množstvo podnetov, no v dôsledku rýchleho toku množstva informácií je vystavený nadmernému preťaženiu. Odborníci t...

Descrizione completa

Salvato in:
Dettagli Bibliografici
Autore principale: Kosturková, Martina
Natura: Capitolo di libro
Lingua:slovacco
Soggetti:
Tags: Aggiungi Tag
Nessun Tag, puoi essere il primo ad aggiungerne!!

MARC

LEADER 00000naa a2200000 4500
001 0305963
005 20250109091305.7
041 0 |a slo 
044 |a SK 
245 1 0 |a Kognitívna záťaž  |c Martina Kosturková 
520 |a Ľudský mozog je najkomplexnejší orgán v tele. Riadi funkcie životne dôležitých orgánov: srdce, pľúca, koordinuje pohyb rúk a nôh, vytvára spomienky a city. Mozog dokáže spracovať určité množstvo podnetov, no v dôsledku rýchleho toku množstva informácií je vystavený nadmernému preťaženiu. Odborníci tento stav nazývajú informačná paralýza. Tento aspekt sa vyčíta hlavne súčasnej škole. Každý učiteľ by mal poznať teóriu kognitívnej záťaže, pretože je úzko spätá s edukačnou oblasťou a v nej zohráva dôležitú rolu pri konštruovaní a realizovaní vzdelávacieho procesu. 
610 2 0 |a učitelia 
610 2 0 |a vyučovanie 
610 2 0 |a podnety 
610 2 0 |a vzdelanie 
610 2 0 |a informácie 
610 2 0 |a študenti 
100 1 |a Kosturková, Martina